An exploratory study of measurement on reference services among Malaysian universities libraries with MS ISO 90001:2000 certification /
Saved in:
| 主要作者: | |
|---|---|
| 格式: | Thesis 圖書 |
| 語言: | English |
| 出版: |
2007.
|
| 主題: | |
| 在線閱讀: | http://dspace.fsktm.um.edu.my/handle/1812/89 |
| 標簽: |
添加標簽
沒有標簽, 成為第一個標記此記錄!
|
| LEADER | 01137cam a2200265 a 4500 | ||
|---|---|---|---|
| 001 | u745546 | ||
| 003 | SIRSI | ||
| 005 | 200709171601 | ||
| 008 | 070917s2007 my a t 000 0 eng m | ||
| 040 | |a UMM | ||
| 043 | |a a-my--- | ||
| 090 | |a Z674 |b UM 2007 Suzk | ||
| 100 | 0 | |a Suzinor Kamaralzaman. | |
| 245 | 1 | 3 | |a An exploratory study of measurement on reference services among Malaysian universities libraries with MS ISO 90001:2000 certification / |c Suzinor binti Kamaralzaman. |
| 260 | |c 2007. | ||
| 300 | |a ix, 128 leaves : |b ill. (some col.) ; |c 30 cm. | ||
| 502 | |a Dissertation (M.L.I.S.) -- Fakulti Sains Komputer dan Teknologi Maklumat, Universiti Malaya, 2007. | ||
| 504 | |a Bibliography: leaves 108-113. | ||
| 650 | 0 | |a Reference services (Libraries) |z Malaysia |x Evaluation. | |
| 650 | 0 | |a Academic libraries |x Reference services |z Malaysia |x Evaluation. | |
| 710 | 2 | |a Universiti Malaya. |b Fakulti Sains Komputer dan Teknologi Maklumat. | |
| 856 | 4 | 1 | |u http://dspace.fsktm.um.edu.my/handle/1812/89 |
| 900 | |a SK | ||
| 596 | |a 1 | ||
| 999 | |a Z674 UM 2007 SUZK |w LC |c 1 |i A513072534 |d 19/9/2007 |f 19/9/2007 |g 1 |l STACKS |m P01UTAMA |r Y |s Y |t TESIS |u 19/9/2007 | ||
